ბათუმის შოთა რუსთაველის სახელმწიფო უნივერსიტეტის ბიბლიოთეკა

Международная экономика. (ბიბ.ჩანაწერი № 37063)

000 -LEADER
fixed length control field 00895nam a2200265Ia 4500
001 - CONTROL NUMBER
control field 3017
003 - CONTROL NUMBER IDENTIFIER
control field GE_BSU
008 - FIXED-LENGTH DATA ELEMENTS--GENERAL INFORMATION
fixed length control field 181216s||||||||xx |||||||||||||| ||und||
020 ## - INTERNATIONAL STANDARD BOOK NUMBER
International Standard Book Number 5713308995
040 ## - CATALOGING SOURCE
Transcribing agency GE_BSU
080 ## - UNIVERSAL DECIMAL CLASSIFICATION NUMBER
Universal Decimal Classification number 339(075.8)
100 ## - MAIN ENTRY--PERSONAL NAME
Personal name Киреев, А.П.
245 ## - TITLE STATEMENT
Title Международная экономика.
245 ## - TITLE STATEMENT
Remainder of title Международная микроэкономика: движение товаров из факторов производства
250 ## - EDITION STATEMENT
Edition statement В 2-хч.- ч.1
260 ## - PUBLICATION, DISTRIBUTION, ETC.
Place of publication, distribution, etc. Москва
260 ## - PUBLICATION, DISTRIBUTION, ETC.
Name of publisher, distributor, etc. Междунар. отношения
260 ## - PUBLICATION, DISTRIBUTION, ETC.
Date of publication, distribution, etc. 1998
300 ## - PHYSICAL DESCRIPTION
Extent 416 с. 24 см.
653 ## - INDEX TERM--UNCONTROLLED
Uncontrolled term движение товаров из факторов
653 ## - INDEX TERM--UNCONTROLLED
Uncontrolled term Международная микроэкономика
653 ## - INDEX TERM--UNCONTROLLED
Uncontrolled term Международная экономика.
942 ## - ADDED ENTRY ELEMENTS (KOHA)
Koha item type წიგნი
ეგზემპლარები
Withdrawn status Lost status Damaged status Not for loan Date acquired Barcode Date last seen Price effective from Koha item type Public note
        2018-12-17 7904 2018-12-17 2018-12-17 წიგნი დარბაზი
        2018-12-17 7905 2018-12-17 2018-12-17 წიგნი დარბაზი
        2018-12-17 8184 2018-12-17 2018-12-17 წიგნი დარბაზი